书目信息 |
| 题名: |
物理发展与科技进步
|
|
| 作者: | 戴剑锋 , 李维学 , 王青 编著 | |
| 分册: | ||
| 出版信息: | 北京 化学工业出版社 2005 |
|
| 页数: | 223页 | |
| 开本: | 24cm | |
| 丛书名: | 科技进步与现代文明丛书 | |
| 单 册: | ||
| 中图分类: | O4-1 | |
| 科图分类: | ||
| 主题词: | 物理学--研究--现状 , 物理学--概况 | |
| 电子资源: | ||
| ISBN: | 7-5025-6606-6 | |
| 000 | 01204oam2 2200313 45 | |
| 001 | 0900000029026 | |
| 005 | 20051226090603.20 | |
| 010 | @a7-5025-6606-6@dCNY26.00 | |
| 092 | @aCN | |
| 100 | @a20050414d2005 ekmy0chiy0120 ea | |
| 101 | 0 | @achi |
| 102 | @aCN@b110000 | |
| 105 | @aa az 000yy | |
| 200 | 1 | @a物理发展与科技进步@9wu li fa zhan yu ke ji jin bu@f戴剑锋,李维学,王青编著@Fdai jian feng,li wei xue,wang qing bian zhu |
| 210 | @a北京@c化学工业出版社@d2005 | |
| 215 | @a223页@c图@d24cm | |
| 225 | 2 | @a科技进步与现代文明丛书 |
| 320 | @a有书目:第223页 | |
| 330 | @a本书试图以“从自然到物理、从物理到技术、从技术到生活”为脉络,介绍物理学的发展思想以及它在技术中的应用。在技术应用的介绍中,只介绍在历史发展中曾起重要作用或在现代仍广泛使用的技术,把侧重点放在现代高新技术介绍上。在应用技术的具体介绍上,则把重点放在物理原理和它在生活生产中的应用上。 | |
| 461 | 0 | @12001 @a科技进步与现代文明丛书 |
| 606 | 0 | @a物理学@x研究@x现状 |
| 606 | 0 | @a物理学@x概况 |
| 690 | @aO4-1@v4 | |
| 701 | 0 | @a戴剑锋@Adai jian feng@4编著 |
| 701 | 0 | @a李维学@Ali wei xue@4编著 |
| 701 | 0 | @a王青@Awang qing@4编著 |
| 801 | 0 | @aCN@bCXYBOOK@c20051226 |
| 905 | @a10447@dO4-1@e342 | |
| 999 | @aAFJ@eJDD | |
| 物理发展与科技进步/戴剑锋,李维学,王青编著.-北京:化学工业出版社,2005 |
| 223页:图;24cm.-(科技进步与现代文明丛书) |
| ISBN 7-5025-6606-6:CNY26.00 |
| 本书试图以“从自然到物理、从物理到技术、从技术到生活”为脉络,介绍物理学的发展思想以及它在技术中的应用。在技术应用的介绍中,只介绍在历史发展中曾起重要作用或在现代仍广泛使用的技术,把侧重点放在现代高新技术介绍上。在应用技术的具体介绍上,则把重点放在物理原理和它在生活生产中的应用上。 |
| ● |
| 相关链接 |
|
|
|
|
正题名:物理发展与科技进步
索取号:O4-1/342
 
预约/预借
| 序号 | 登录号 | 条形码 | 馆藏地/架位号 | 状态 | 备注 |
| 1 | 0372459 | 203724595 | 第二样本阅览室/ [索取号:O4-1/342] | 在馆 | |
| 2 | 0372460 | 203724602 | 第三借阅区/ [索取号:O4-1/342] | 在馆 | |
| 3 | 0372461 | 203724611 | 第三借阅区/ [索取号:O4-1/342] | 在馆 | |
| 4 | 0372462 | 203724620 | 第三借阅区/ [索取号:O4-1/342] | 在馆 | |
| 5 | 0372463 | 203724639 | 第三借阅区/ [索取号:O4-1/342] | 在馆 |